Measured constructs: a history of Cambridge English language examinations, 1913-2013

محفوظ في:
التفاصيل البيبلوغرافية
المؤلفون الرئيسيون: Weir, Cyril J (مؤلف), Vidakovic, Ivana (مؤلف), Galaczi, Evelina D (مؤلف)
التنسيق: كتاب
اللغة:الإنجليزية
منشور في: Cambridge Cambridge University Press 2013
الطبعة:1a. ed
سلاسل:Studies in Language Testing, 37
الموضوعات:
الوسوم: إضافة وسم
لا توجد وسوم, كن أول من يضع وسما على هذه التسجيلة!

MARC

LEADER 00000cam a2200000 a 4500
001 UCF9603
003 CL-VaPUC
008 131129e20130000uk |||||||||||||||||eng|d
020 |a 9781107677692 
082 0 4 |a 428.0076  |b WEI  |2 21 
100 0 |a Weir, Cyril J  |e author  |9 571982 
700 0 |a Vidakovic, Ivana  |e author  |9 571983 
700 0 |a Galaczi, Evelina D  |e author  |9 571984 
245 1 0 |a Measured constructs: a history of Cambridge English language examinations, 1913-2013 
250 |a 1a. ed 
300 |a 652 p 
942 |c BK 
945 |d 20131129 12:34:00  |a dcastane 
260 |a Cambridge  |b Cambridge University Press  |c 2013 
650 0 |a Lengua inglesa  |9 318842 
650 7 |a LENGUA Y LENGUAJE  |2 CL-VaPUC  |9 421352 
583 |a last modification  |c 20131129 12:34:00  |k Rodrigo Vera 
490 0 |a Studies in Language Testing, 37 
999 |c 354045  |d 354043 
952 |0 0  |1 0  |3 erb  |4 0  |6 428_007600000000000_WEI_2013  |7 0  |8 A  |9 459677  |a BIBEDU  |b BIBEDU  |i 5028760  |o 428.0076 WEI 2013  |p 5028760  |r 2019-11-23  |w 2019-11-23  |y BK  |z Catalogado en:20131129  |k LIT